000 00572nam a2200181 i 4500
001 58279
003 ES-MaACL
005 20230906163751.0
007 t|
008 031021s1971 sp ||||1| spa d
100 1 _aDuffey, David Michael.
_945893
245 1 0 _aAdiestramiento de perros de caza /
_cpor David Michael Duffey ; [traducido por Carlos Lehmkuhl].
260 _aBarcelona :
_bSintes,
_c1971.
300 _a206 p., 3 lám. :
_bil. ;
_c22 cm.
650 4 _aPerros de caza.
_9144501
700 1 _aLehmkuhl, Carlos.
_971345
852 _aES-MaACL
_jC-45657
_bR.78526
999 _c58279
_d58279